El silmarillion / (Record no. 66648)

MARC details
000 -LEADER
campo de control de longitud fija 00815nam a22002655i 4500
001 - NÚMERO DE CONTROL
campo de control 66648
003 - IDENTIFICADOR DE NÚMERO DE CONTROL
campo de control ES-MaACL
005 - FECHA Y HORA DE LA ÚLTIMA TRANSACCIÓN
campo de control 20230906165744.0
007 - CAMPO FIJO DE DESCRIPCIÓN FÍSICA--INFORMACIÓN GENERAL
campo de control de longitud fija t|
008 - DATOS DE LONGITUD FIJA--INFORMACIÓN GENERAL
campo de control de longitud fija 930922s1993 sp ||||0| spa d
020 ## - NÚMERO INTERNACIONAL ESTÁNDAR DEL LIBRO
Número Internacional Estándar del Libro 84-450-7139-4
040 ## - FUENTE DE CATALOGACIÓN
Centro catalogador/agencia de origen M-BN
Lengua de catalogación spa
Centro/agencia transcriptor M-BN
080 ## - NÚMERO DE LA CLASIFICACIÓN DECIMAL UNIVERSAL
Número de la Clasificación Decimal Universal 820-31"19"
100 1# - ENTRADA PRINCIPAL--NOMBRE DE PERSONA
Nombre de persona Tolkien, J. R. R.
9 (RLIN) 110463
245 13 - MENCIÓN DEL TÍTULO
Título El silmarillion /
Mención de responsabilidad, etc. J.R.R. Tolkien ; edición de Christopher Tolkien ; [traducción de Rubén Masera y Luis Domènech].
250 ## - MENCION DE EDICION
Mención de edición 1ª ed. de bolsillo.
260 ## - PUBLICACIÓN, DISTRIBUCIÓN, ETC.
Lugar de publicación, distribución, etc. Barcelona :
Nombre del editor, distribuidor, etc. Minotauro,
Fecha de publicación, distribución, etc. 1993.
300 ## - DESCRIPCIÓN FÍSICA
Extensión 432 p., [5] p. de map ;
Dimensiones 18 cm.
500 ## - NOTA GENERAL
Nota general Indice.
700 1# - ENTRADA AGREGADA--NOMBRE PERSONAL
Nombre de persona Tolkien, Christopher.
9 (RLIN) 110462
700 1# - ENTRADA AGREGADA--NOMBRE PERSONAL
Nombre de persona Masera, Rubén.
9 (RLIN) 78704
700 1# - ENTRADA AGREGADA--NOMBRE PERSONAL
Nombre de persona Domènech, Luis.
9 (RLIN) 45082
852 ## - LOCALIZACIÓN
Ubicación ES-MaACL
Número de control de estantería L-27133
Sublocalización o colección R.132745
Holdings
Estatus retirado Estado de pérdida Estado de daño No para préstamo Biblioteca de origen Biblioteca actual Ubicación en estantería Fecha de adquisición Fuente de adquisición Total de préstamos Signatura topográfica completa Código de barras Visto por última vez Precio de reemplazo Tipo de ítem Koha
        Biblioteca del Ateneo de Madrid Biblioteca del Ateneo de Madrid Depósito 2 17/01/2008     L-27133 1069812 23/02/2023 23/02/2023 Libro impreso